Szczegóły MARC21

Słownik pseudonimów pisarzy polskich. T. 5, 1971-1995 /

003 -Nazwa inst., której nr kontr. jest w polu 001 [,]
    • @
    • Nazwa instytucji, której n kontrolny jest w polu 001
    • NUKAT
005 -DATA I CZAS OSTATNIEJ MODYFIKACJI [,]
    • @
    • pole kontrolne
    • 20251013130830.0
020 -Międzynarod. znormalizowany nr książki - ISBN [ , ]
    • a
    • Numer ISBN
    • 8304041103 Find
    • q
    • Dopowiedzenie
    • całość
020 -Międzynarod. znormalizowany nr książki - ISBN [ , ]
    • a
    • Numer ISBN
    • 8304044439 Find
    • q
    • Dopowiedzenie
    • t. 5
040 -Instytucja sporządzająca opis [ , ]
    • a
    • Instytucja, która sporządziła opis (NP)
    • WR O/IS
    • c
    • Instytucja, która sporządziła rekord (NP)
    • WR O/IS
    • d
    • Instytucja, która zmodyfikowała rekord (P)
    • WR O/ISs
    • d
    • Instytucja, która zmodyfikowała rekord (P)
    • WR O/PC
    • d
    • Instytucja, która zmodyfikowała rekord (P)
    • KR PAU/LP
    • d
    • Instytucja, która zmodyfikowała rekord (P)
    • WA 248/ae
942 -Rodzaj dokumentu [ , ]
    • c
    • Rodzaj dokumentu
    • Książka
100 -Hasło główne - nazwa osobowa [1, ]
    • a
    • Nazwa osobowa (NP)
    • Gajkowska, Cecylia
    • d
    • Daty biograficzne (NP)
    • (1924-2025).
    • 9
    • KHW
    • 402586
245 -Strefa tytułu i oznaczenia odpowiedzialności [1,0]
    • a
    • Tytuł
    • Słownik pseudonimów pisarzy polskich. Find
    • n
    • Oznaczenie części (P)
    • T. 5,
    • p
    • Nazwa części (P)
    • 1971-1995 /
    • c
    • Pozostałe elementy strefy tytułu i oznaczenia odpowiedzialności (NP)
    • oprac. zespół Cecylia Gajkowska, Joanna Król, Dobrosława Świerczyńska ; pod red. Dobrosławy Świerczyńskiej.
260 -Strefa adresu wydawniczego [ , ]
    • a
    • Miejsce wydania (P)
    • Wrocław :
    • b
    • Nazwa wydawcy (P)
    • Zakład Narodowy im. Ossolińskich,
    • c
    • Data wydania (P)
    • cop. 1998.
300 -Strefa opisu fizycznego [ , ]
    • a
    • Określenie formy książki i/lub objętość (NP)
    • 1067 s. ;
    • c
    • Format (NP)
    • 25 cm.
336 -Typ zawartości [ , ]
    • a
    • Termin opisujący typ zawartości
    • Tekst
    • b
    • Kod określający zawartość
    • txt
    • 2
    • Źródło (terminu i kodu)
    • rdacontent
337 -Typ mediów [ , ]
    • a
    • Tryb odtwarzania
    • Bez urządzenia pośredniczącego
    • b
    • Kod typu mediów
    • n
    • 2
    • Źródło (terminu i kodu)
    • rdamedia
338 -Typ/rodzaj nośnika [ , ]
    • a
    • Hasło opisujące typ nośnika
    • Wolumin
    • b
    • Kod typu nośnika
    • nc
    • 2
    • Źródło (terminu i kodu)
    • rdacarrier
380 -Deskryptor - Forma dzieła (P) [ , ]
    • a
    • forma dzieła (NP)
    • Druki ulotne
500 -Uwaga ogólna [ , ]
    • a
    • Uwaga ogólna (NP)
    • T. 1-4 pt.: Słownik pseudonimów pisarzy polskich XV w. - 1970 r.
504 -Uwaga dot. bibliogr. załącznikowej [ , ]
    • a
    • Uwaga dot. bibliografii załącznikowej
    • "Wykaz oznaczeń źródeł" s. [8]-14.
530 -Uwaga dot. innej postaci fizycznej dokumentu [ , ]
    • a
    • Uwaga dot. innej postaci fizycznej dokumentu
    • Dostępne także w wersji elektronicznej.
080 -Uniwersalna Klasyfikacja Dziesiętna [ , ]
    • a
    • Symbol klasyfikacji
    • 884(091)(03)
080 -Uniwersalna Klasyfikacja Dziesiętna [ , ]
    • a
    • Symbol klasyfikacji
    • :808.4-313(03)
650 -Hasło przedmiotowe [ ,7]
    • a
    • Hasło przedmiotowe
    • Pseudonimy polskie
    • v
    • Określnik formalny
    • słowniki.
    • 2
    • Źródło terminu
    • kaba
    • 9
    • KHW
    • 351193
650 -Hasło przedmiotowe [ ,7]
    • a
    • Hasło przedmiotowe
    • Pisarze polscy
    • v
    • Określnik formalny
    • słowniki.
    • 2
    • Źródło terminu
    • kaba
    • 9
    • KHW
    • 351192
980 -Symbol UKD [ , ]
    • a
    • UKD
    • 884(091)(03):808.4-313(03)
700 -Hasło dodatkowe - nazwa osobowa [1, ]
    • a
    • Nazwa osobowa (NP)
    • Król, Joanna Find
    • d
    • Daty biograficzne (NP)
    • (1944- ).
    • 9
    • KHW
    • 592617
700 -Hasło dodatkowe - nazwa osobowa [1, ]
    • a
    • Nazwa osobowa (NP)
    • Świerczyńska, Dobrosława Find
    • d
    • Daty biograficzne (NP)
    • (1937- ).
    • 9
    • KHW
    • 37757
710 -Hasło dodatkowe - nazwa ciała zbiorowego [2, ]
    • a
    • Nazwa ciała zbiorowego lub nazwa geograficzna jako pierwszy element (NP)
    • Zakład Narodowy im. Ossolińskich.
    • b
    • Nazwa jednostki podrzędnej (P)
    • Wydawnictwo.
    • 4
    • Kod relacji
    • pbl
    • 9
    • KHW
    • 54188
856 -Dostęp do wersji elektronicznej [4,1]
920 -ISBN [ , ]
    • a
    • ISBN
    • 83-04-04110-3 Find
    • q
    • Dopowiedzenie
    • całość
920 -ISBN [ , ]
    • a
    • ISBN
    • 83-04-04443-9 Find
    • q
    • Dopowiedzenie
    • t. 5
Sygnatura Data inwentaryzacji Lokalizacja Status udost. Numer inwentarzowy
Z.872152000-05-18BG1Z.95773
 2000-05-18BG-6Z.95772
POL. Literatura pol. – słow. 202000-05-18BM1P.16417